00358nam a22001217a 450000500170000000800410001704100080005808200080006610000630007424500620013726000290019930000080022820240808172400.0240808b |||||||| |||| 00| 0 eng d aeng bKEK aKekan Pratiksha- 2K211055 & Prof. Priyanka Potdar - Guide  aA Study of Job Satisfaction at United Bank of Switzerland aPune bSPPU cMarch-2023 a82p